000 00447nam a2200169 i 4500
001 41404
003 ES-MaACL
007 t|
008 030310s1986 sp ||||1| spa d
020 _a84-86509-06-8
100 1 _aCasado Ollero, Gabriel.
_936024
245 1 0 _aCódigo del IVA /
_cGabriel Casado Ollero.
260 _aGranada :
_bComares,
_c[1986]
300 _a1434 p. ;
_c21 cm.
500 _aIndice.
852 _aES-MaACL
_jL-9850
_bR.111960
999 _c41404
_d41404